Premier League XIs 2019-20 - Statistics

General Stats
  • This quiz has been taken 378 times
    342 since last reset
  • The average score is 86 of 220
Answer Stats
Position Answer Club % Correct
GK Ederson Manchester City
82%
ST Heung-Min Son Tottenham Hotspur
81%
GK David de Gea Manchester United
80%
GK Bernd Leno Arsenal
79%
ST Harry Kane Tottenham Hotspur
79%
MF Bernardo Silva Manchester City
77%
GK Dean Henderson Sheffield United
77%
MF Dele Alli Tottenham Hotspur
77%
DF Harry Maguire Manchester United
77%
MF Jordan Henderson Liverpool
77%
ST Mohamed Salah Liverpool
77%
DF Virgil Van Dijk Liverpool
77%
DF Kyle Walker Manchester City
76%
MF Sadio Mané Liverpool
76%
DF Trent Alexander-Arnold Liverpool
76%
DF Andrew Robertson Liverpool
75%
MF David Silva Manchester City
75%
ST Pierre-Emerick Aubameyang Arsenal
75%
ST Alexandre Lacazette Arsenal
74%
GK Hugo Lloris Tottenham Hotspur
74%
GK Kepa Arrizabalaga Chelsea
73%
MF Kevin De Bruyne Manchester City
73%
ST Marcus Rashford Manchester United
73%
ST Roberto Firmino Liverpool
73%
ST Gabriel Jesus Manchester City
71%
ST Jamie Vardy Leicester City
71%
MF Raheem Sterling Manchester City
71%
DF David Luiz Arsenal
68%
MF Fabinho Liverpool
68%
DF Joe Gomez Liverpool
68%
DF Luke Shaw Manchester United
68%
GK Jordan Pickford Everton
67%
MF Douglas Luiz Aston Villa
66%
MF N'Golo Kanté Chelsea
65%
ST Anthony Martial Manchester United
64%
DF César Azpilicueta Chelsea
63%
MF Georginio Wijnaldum Liverpool
62%
GK Kasper Schmeichel Leicester City
62%
DF Aaron Wan-Bissaka Manchester United
61%
GK Alisson Becker Liverpool
61%
MF Bukayo Saka Arsenal
61%
MF Daniel James Manchester United
61%
MF Granit Xhaka Arsenal
61%
GK Nick Pope Burnley
61%
DF Davinson Sánchez Tottenham Hotspur
59%
MF Rodri Manchester City
59%
ST Dominic Calvert-Lewin Everton
58%
MF Riyad Mahrez Manchester City
58%
ST Callum Wilson Bournemouth
57%
DF Jan Vertonghen Tottenham Hotspur
57%
MF Mason Mount Chelsea
57%
DF Victor Lindelöf Manchester United
57%
DF Fernandinho Manchester City
56%
MF Harry Wilson Bournemouth
56%
ST Teemu Pukki Norwich City
56%
ST Wilfried Zaha Crystal Palace
56%
MF Fred Manchester United
54%
DF Toby Alderweireld Tottenham Hotspur
54%
MF James Maddison Leicester City
53%
MF Michail Antonio West Ham United
53%
MF Rúben Neves Wolverhampton Wanderers
53%
MF Scott McTominay Manchester United
53%
MF Jack Grealish Aston Villa
52%
ST Raúl Jiménez Wolverhampton Wanderers
52%
DF Joel Ward Crystal Palace
51%
GK Łukasz Fabiański West Ham United
51%
GK Rui Patrício Wolverhampton Wanderers
51%
GK Aaron Ramsdale Bournemouth
50%
MF Jorginho Chelsea
50%
ST Tammy Abraham Chelsea
50%
DF Adam Smith Bournemouth
49%
MF Declan Rice West Ham United
49%
MF João Moutinho Wolverhampton Wanderers
49%
MF James Ward-Prowse Southampton
48%
DF Lewis Dunk Brighton & Hove Albion
48%
DF Nicolas Otamendi Manchester City
48%
DF Ben Chilwell Leicester City
47%
GK Martin Dúbravka Newcastle United
46%
DF Nathan Aké Bournemouth
46%
DF Tyrone Mings Aston Villa
46%
DF Kurt Zouma Chelsea
45%
MF Harvey Barnes Leicester City
44%
MF Moussa Sissoko Tottenham Hotspur
44%
DF Seamus Coleman Everton
44%
ST Troy Deeney Watford
44%
MF Andreas Pereira Manchester United
43%
MF Mateo Kovačić Chelsea
43%
DF Ricardo Pereira Leicester City
43%
DF Sokratis Papastathopoulos Arsenal
43%
MF Wilfred Ndidi Leicester City
43%
MF Willian Chelsea
43%
ST Chris Wood Burnley
42%
ST Danny Ings Southampton
42%
ST Diogo Jota Wolverhampton Wanderers
42%
MF Lucas Moura Tottenham Hotspur
42%
MF Pascal Groß Brighton & Hove Albion
42%
ST Richarlison Everton
42%
GK Tim Krul Norwich City
42%
MF Tom Davies Everton
42%
DF James Tarkowski Burnley
41%
ST Josh King Bournemouth
41%
MF Adama Traoré Wolverhampton Wanderers
40%
DF Ezri Konsa Aston Villa
40%
DF Fabian Schär Newcastle United
40%
MF John McGinn Aston Villa
40%
DF Michael Keane Everton
40%
GK Ben Foster Watford
39%
DF Conor Coady Wolverhampton Wanderers
39%
DF Andreas Christensen Chelsea
38%
ST Jordan Ayew Crystal Palace
38%
DF Ben Mee Burnley
37%
DF Lucas Digne Everton
37%
DF Steve Cook Bournemouth
37%
MF Youri Tielemans Leicester City
37%
DF Jonny Evans Leicester City
36%
MF Mark Noble West Ham United
36%
DF Dan Burn Brighton & Hove Albion
35%
MF Lucas Torreira Arsenal
35%
MF Nicolas Pépé Arsenal
35%
GK Vincente Guaita Crystal Palace
35%
DF Aaron Cresswell West Ham United
34%
DF Angelo Ogbonna West Ham United
34%
DF Ainsley Maitland-Niles Arsenal
33%
GK Alex McCarthy Southampton
33%
DF Gary Cahill Crystal Palace
33%
DF Matt Doherty Wolverhampton Wanderers
33%
MF Abdoulaye Doucouré Watford
32%
DF Çağlar Söyüncü Leicester City
32%
ST Joelinton Newcastle United
32%
MF Harry Winks Tottenham Hotspur
31%
ST Ismaila Sarr Watford
31%
MF Miguel Almirón Newcastle United
31%
ST Neal Maupay Brighton & Hove Albion
31%
DF Serge Aurier Tottenham Hotspur
31%
MF Dwight McNeil Burnley
30%
DF Jamaal Lascelles Newcastle United
30%
DF Yerry Mina Everton
30%
MF Jonjo Shelvey Newcastle United
29%
MF Mattéo Guendouzi Arsenal
29%
MF Pierre-Emile Hojbjerg Southampton
29%
MF Ayoze Pérez Leicester City
28%
MF Alex Iwobi Everton
27%
MF Allan Saint-Maximin Newcastle United
27%
GK Mat Ryan Brighton & Hove Albion
27%
DF Charlie Taylor Burnley
26%
DF Federico Fernández Newcastle United
26%
DF Jan Bednarek Southampton
26%
DF Max Aarons Norwich City
26%
ST Ollie McBurnie Sheffield United
26%
MF Stuart Armstrong Southampton
26%
MF Christian Pulisic Chelsea
25%
DF Matt Targett Aston Villa
25%
MF Todd Cantwell Norwich City
25%
DF Adam Webster Brighton & Hove Albion
24%
MF Leandro Trossard Brighton & Hove Albion
24%
MF Will Hughes Watford
24%
DF Craig Dawson Watford
23%
MF Pablo Fornals West Ham United
23%
MF Philip Billing Bournemouth
23%
GK Tom Heaton Aston Villa
23%
MF Emiliano Buendía Norwich City
22%
MF Oriol Romeu Southampton
22%
DF Jamal Lewis Norwich City
21%
DF Mason Holgate Everton
21%
MF Ryan Fraser Bournemouth
21%
DF Issa Diop West Ham United
20%
MF James McArthur Crystal Palace
20%
MF Luka Milivojevic Crystal Palace
20%
DF Ryan Bertrand Southampton
20%
DF Jannik Vestergaard Southampton
19%
MF Leander Dendoncker Wolverhampton Wanderers
19%
MF Ashley Westwood Burnley
18%
DF Ben Godfrey Norwich City
18%
MF Dale Stephens Brighton & Hove Albion
18%
MF Gylfi Sigurdsson Everton
18%
DF Jack Stephens Southampton
18%
DF James Tomkins Crystal Palace
18%
MF Jefferson Lerma Bournemouth
18%
ST Wesley Aston Villa
18%
MF Felipe Anderson West Ham United
17%
ST Gerard Deulofeu Watford
17%
MF Jack Cork Burnley
17%
DF Patrick van Aanholt Crystal Palace
17%
MF Anwar El Ghazi Aston Villa
16%
DF Craig Cathcart Watford
16%
ST David McGoldrick Sheffield United
16%
DF George Baldock Sheffield United
16%
DF John Egan Sheffield United
16%
DF Romain Saïss Wolverhampton Wanderers
16%
MF Aaron Mooy Brighton & Hove Albion
15%
DF Jonny Otto Wolverhampton Wanderers
15%
MF Nathan Redmond Southampton
15%
MF Oliver Norwood Sheffield United
15%
MF Cheikhou Kouyate Crystal Palace
13%
DF Enda Stevens Sheffield United
13%
MF John Fleck Sheffield United
13%
ST Sébastien Haller West Ham United
13%
DF Javi Manquillo Newcastle United
12%
MF John Lundstram Sheffield United
12%
DF Chris Basham Sheffield United
11%
MF Davy Pröpper Brighton & Hove Albion
11%
MF Isaac Hayden Newcastle United
11%
MF Kiko Femenía Watford
11%
DF Martin Kelly Crystal Palace
11%
DF Christian Kabasele Watford
10%
MF Étienne Capoue Watford
10%
DF Erik Pieters Burnley
9%
DF Jack O'Connell Sheffield United
9%
MF Kenny McLean Norwich City
9%
DF Ryan Fredericks West Ham United
9%
MF Jeff Hendrick Burnley
8%
DF Frederic Guilbert Aston Villa
6%
MF Marvelous Nakamba Aston Villa
6%
DF Phil Bardsley Burnley
6%
MF Alexander Tettey Norwich City
5%
DF Christoph Zimmermann Norwich City
4%
DF Martín Montoya Brighton & Hove Albion
4%
DF Jetro Willems Newcastle United
3%
DF Diego Rico Bournemouth
2%
DF Sam Byram Norwich City
2%
No matching quizzes found
Score Distribution
Percent of People with Each Score
Percentile by Number Answered
Your Score History
You have not taken this quiz since the last reset